书目信息 |
| 题名: |
中国农村民营金融发展研究
|
|
| 作者: | 张庆亮 著 | |
| 分册: | ||
| 出版信息: | 北京 经济科学出版社 2008 |
|
| 页数: | 346页 | |
| 开本: | 21cm | |
| 丛书名: | ||
| 单 册: | ||
| 中图分类: | F832.35 | |
| 科图分类: | ||
| 主题词: | 农业企业--nong ye qi ye--私营企业--金融--经济发展--研究--中国 | |
| 电子资源: | ||
| ISBN: | 978-7-5058-6533-4 | |
| 000 | 01045nam0 2200253 450 | |
| 001 | 003692998 | |
| 005 | 20080909163700.64 | |
| 010 | @a978-7-5058-6533-4@dCNY23.00 | |
| 100 | @a20080102d2008 em y0chiy0110 ea | |
| 101 | 0 | @achi@deng |
| 102 | @aCN@b110000 | |
| 105 | @ay z 000yy | |
| 200 | 1 | @a中国农村民营金融发展研究@Azhong guo nong cun min ying jin rong fa zhan yan jiu@f张庆亮著 |
| 210 | @a北京@c经济科学出版社@d2008 | |
| 215 | @a346页@d21cm | |
| 300 | @a安徽财经大学著作出版基金资助 | |
| 312 | @a英文题名为:Study on the development of rural private finance in China | |
| 330 | @a本书在全面概述已有的农村金融研究、农村民营金融研究的基础上,重新界定了农村民营金融概念,概括总结了改革开放以来农村民营金融的发展状况,回顾了中国历史上农村民营金融的发展轨迹。 | |
| 510 | 1 | @aStudy on the development of rural private finance in China@zeng |
| 606 | 0 | @a农业企业@Anong ye qi ye@x私营企业@x金融@x经济发展@x研究@y中国 |
| 690 | @aF832.35@v4 | |
| 701 | 0 | @a张庆亮@Azhang qing liang@4著 |
| 801 | 0 | @aCN@c20080909 |
| 905 | @dF832.35@eZ150 | |
| 中国农村民营金融发展研究/张庆亮著.-北京:经济科学出版社,2008 |
| 346页;21cm |
| 安徽财经大学著作出版基金资助 |
| ISBN 978-7-5058-6533-4:CNY23.00 |
| 本书在全面概述已有的农村金融研究、农村民营金融研究的基础上,重新界定了农村民营金融概念,概括总结了改革开放以来农村民营金融的发展状况,回顾了中国历史上农村民营金融的发展轨迹。 |
| ● |
| 相关链接 |
|
|
|
正题名:中国农村民营金融发展研究
索取号:F832.35/Z150
 
预约/预借
| 序号 | 登录号 | 条形码 | 馆藏地/架位号 | 状态 | 备注 |
| 1 | 677019 | 206770190 | 社科库409/409社科库 54排2列5层/ [索取号:F832.35/Z150] | 在馆 | |
| 2 | 677020 | 206770207 | 社科库409/400B社科库 3排2列3层/ [索取号:F832.35/Z150] | 在馆 | |
| 3 | 677021 | 206770216 | 社科库409/409社科库 54排2列5层/ [索取号:F832.35/Z150] | 在馆 |